<?xml version="1.0" encoding="UTF-8"?>
<record
    xmlns:xsi="http://www.w3.org/2001/XMLSchema-instance"
    xsi:schemaLocation="http://www.loc.gov/MARC21/slim http://www.loc.gov/standards/marcxml/schema/MARC21slim.xsd"
    xmlns="http://www.loc.gov/MARC21/slim">

  <leader>00746nam a2200229   4500</leader>
  <datafield tag="952" ind1=" " ind2=" ">
    <subfield code="a">0001</subfield>
    <subfield code="b">0001</subfield>
    <subfield code="d">2019-07-25</subfield>
    <subfield code="l">0</subfield>
    <subfield code="o">ATA 956.1024092 A72m 2005</subfield>
    <subfield code="p">011987</subfield>
    <subfield code="r">2019-07-25 00:00:00</subfield>
    <subfield code="w">2019-07-25</subfield>
    <subfield code="y">BKS</subfield>
  </datafield>
  <datafield tag="999" ind1=" " ind2=" ">
    <subfield code="c">13434</subfield>
    <subfield code="d">13434</subfield>
  </datafield>
  <controlfield tag="003">MIRAKIL</controlfield>
  <controlfield tag="005">20190725153810.0</controlfield>
  <controlfield tag="008">190725b        tu ||||| |||| 00| 0 tur d</controlfield>
  <datafield tag="020" ind1=" " ind2=" ">
    <subfield code="a">	9758724541</subfield>
  </datafield>
  <datafield tag="040" ind1=" " ind2=" ">
    <subfield code="a">TR-AnCHP</subfield>
    <subfield code="c">TR-AnCHP</subfield>
  </datafield>
  <datafield tag="041" ind1=" " ind2=" ">
    <subfield code="a">tur</subfield>
  </datafield>
  <datafield tag="082" ind1=" " ind2=" ">
    <subfield code="a">ATA 956.1024092</subfield>
    <subfield code="b">A72m 2005</subfield>
  </datafield>
  <datafield tag="100" ind1=" " ind2=" ">
    <subfield code="a">Atadan, Makbule</subfield>
  </datafield>
  <datafield tag="245" ind1="1" ind2="0">
    <subfield code="a">Makbule Atadan anlat&#x131;yor: </subfield>
    <subfield code="b">a&#x11F;abeyim Mustafa Kemal /</subfield>
    <subfield code="c">Makbule Atadan; &#x15E;emsi Belli.</subfield>
  </datafield>
  <datafield tag="260" ind1=" " ind2=" ">
    <subfield code="a">&#x130;stanbul:</subfield>
    <subfield code="b">Selis Kitaplar&#x131;;</subfield>
    <subfield code="c">2005.</subfield>
  </datafield>
  <datafield tag="300" ind1=" " ind2=" ">
    <subfield code="a">88 s.:</subfield>
    <subfield code="b">fotg.;</subfield>
    <subfield code="c">19 sm.</subfield>
  </datafield>
  <datafield tag="490" ind1="0" ind2=" ">
    <subfield code="a">Selis Kitaplar&#x131;;</subfield>
    <subfield code="a">Tarih-An&#x131;;</subfield>
    <subfield code="v">52.</subfield>
    <subfield code="v">6.</subfield>
  </datafield>
  <datafield tag="600" ind1="1" ind2="4">
    <subfield code="9">1465</subfield>
    <subfield code="a">Atat&#xFC;rk, Gazi Mustafa Kemal</subfield>
    <subfield code="d">1881-1938</subfield>
  </datafield>
  <datafield tag="600" ind1=" " ind2="0">
    <subfield code="9">5908</subfield>
    <subfield code="a">Atadan, Makbule</subfield>
    <subfield code="d">1885-1956</subfield>
    <subfield code="x">An&#x131;lar</subfield>
  </datafield>
  <datafield tag="700" ind1=" " ind2=" ">
    <subfield code="9">5909</subfield>
    <subfield code="a">Belli, &#x15E;emsi</subfield>
  </datafield>
  <datafield tag="942" ind1=" " ind2=" ">
    <subfield code="2">ddc</subfield>
    <subfield code="c">BKS</subfield>
  </datafield>
</record>
